000 00584cam a22002053a 4500
001 45494
003 PGUSA
005 20140828084043.0
008 140425s2014||||xxu|||||s|||||000 | eng d
040 _aPGUSA
_beng
042 _adc
100 1 _aCraine, E. J.
_q(Edith Janice)
245 1 0 _aAirplane Boys in the Black Woods
_h[electronic resource] /
_cE. J. Craine
260 _bProject Gutenberg,
_c2014
506 _aPublic domain in the USA.
516 _aElectronic text
830 0 _aProject Gutenberg
_v45494
856 4 0 _uhttp://www.gutenberg.org/ebooks/45494
942 _cEB
999 _c274745
_d274745